La colonia y la independencia : juicios de historiadores venezolanos /
En esta publicación se presentan los discursos de incorporación como individuos de número en la Academia Nacional de Historia que presentaron Angel César Rivas y Enrique Bernardo Núñez en 1909 y en 1948, y la contestación al último por Mario Briceño Iragorri.
Guardado en:
| Autor principal: | |
|---|---|
| Otros autores: | , |
| Formato: | Libro |
| Idioma: | Español |
| Colección: | (Instituto Panamericano de Geografía e Historia ;
8) |
| Temas: | |
| Etiquetas: |
Sin etiquetas, Sé el primero en etiquetar este registro!
|
MARC
| LEADER | 00000nam^a2200000^a^4500 | ||
|---|---|---|---|
| 001 | 000132920 | ||
| 005 | 20250521000000.0 | ||
| 009 | 20260310095115.396 | ||
| 037 | |a Acervo ITESO - Biblioteca | ||
| 041 | |a ESP | ||
| 082 | |a 987. 04 |b RIV | ||
| 100 | |a Rivas, Angel César |e (autor) | ||
| 245 | 1 | 3 | |a La colonia y la independencia : |b juicios de historiadores venezolanos / |c A.C. Rivas, E.B. Núñez, M. Briceño Iragorri. |
| 264 | |a Caracas, Venezuela : |b Instituto Panamericano de Geografía e Historia, Comisión de Historia, |c 1949 | ||
| 300 | |a 173 p. | ||
| 336 | |a texto |b txt |2 rdacontenido | ||
| 337 | |a sin mediación |b n |2 rdamedio | ||
| 338 | |a volumen |b nc |2 rdasoporte | ||
| 440 | 1 | |a (Instituto Panamericano de Geografía e Historia ; |v 8) | |
| 520 | |a En esta publicación se presentan los discursos de incorporación como individuos de número en la Academia Nacional de Historia que presentaron Angel César Rivas y Enrique Bernardo Núñez en 1909 y en 1948, y la contestación al último por Mario Briceño Iragorri. | ||
| 649 | |a XX | ||
| 650 | |a Venezuela - |x Historia - |y Guerra de Independencia, 1810-1823 | ||
| 650 | |a Venezuela - |x Historia - |y Epoca Colonial, 1528-1823 | ||
| 700 | |a Núñez, Enrique Bernardo |e (autor) | ||
| 700 | |a Iragorri, Mario Briceño |e (autor) | ||
| 910 | |a Fondo Salvador Reynoso Reynoso | ||
| 920 | |a Impresos - Libros | ||
| 930 | |a Fondos Especiales | ||
| 905 | |a 112 | ||
| 901 | |a 0800012698 |b IT2 |c ESP |u 20250521 | ||
| 902 | |a https://opac.biblio.iteso.mx/vufind/Record/000132920 | ||